[Event "4NCL Division 4 South"]
[Site "Telford, ENG"]
[Date "2016.04.30"]
[Round "9.155"]
[White "Howell, Chris I"]
[Black "Gooding, Ian"]
[Result "0-1"]
[WhiteElo "1997"]
[BlackElo "2032"]
[PlyCount "90"]
[EventDate "2016.04.30"]
[WhiteTeam "Sussex Martlets 2"]
[BlackTeam "Cambridge University 3"]

1. e4 e6 2. d4 d5 3. Nd2 Be7 4. Ngf3 Nf6 5. e5 Nfd7 6. Bd3 c5 7. c3 Nc6 8. h4
Qb6 9. Qa4 O-O 10. Ng5 h6 11. Bh7+ Kh8 12. Bb1 g6 13. Ngf3 cxd4 14. cxd4 Qb4
15. Qxb4 Bxb4 16. a3 Be7 17. b4 Nb6 18. Nb3 a5 19. Bxh6 Rg8 20. b5 a4 21. Nbd2
Na5 22. Ng5 Rg7 23. Bxg7+ Kxg7 24. Bd3 Nb3 25. Nxb3 axb3 26. Rc1 Rxa3 27. Ke2
Nc4 28. Bxc4 dxc4 29. Ne4 Bd7 30. Nd6 Bxd6 31. exd6 Bxb5 32. Rc3 Ra6 33. h5 g5
34. h6+ Kh7 35. f4 gxf4 36. Kf3 Rxd6 37. Kxf4 Rxd4+ 38. Ke5 Rg4 39. Rf3 Be8 40.
Kf6 Bc6 41. Rf2 Rxg2 42. Rxg2 Bxg2 43. Rg1 b2 44. Kxf7 Be4 45. Rg7+ Kxh6 0-1

[Event "4NCL Division 4 South"]
[Site "Telford, ENG"]
[Date "2016.04.30"]
[Round "9.156"]
[White "Chan, Nevil"]
[Black "Graham, William M"]
[Result "1-0"]
[WhiteElo "2023"]
[BlackElo "1798"]
[PlyCount "69"]
[EventDate "2016.04.30"]
[WhiteTeam "Cambridge University 3"]
[BlackTeam "Sussex Martlets 2"]

1. d4 Nf6 2. Nc3 d5 3. Bg5 e6 4. Nf3 Be7 5. e3 O-O 6. Bd3 Nc6 7. O-O Nd7 8. Bf4
f6 9. Bg3 Bd6 10. Bxd6 cxd6 11. e4 dxe4 12. Nxe4 d5 13. Ng3 Nb6 14. Re1 Qd6 15.
c3 e5 16. dxe5 fxe5 17. Be2 Qc5 18. Rc1 Be6 19. b4 Qd6 20. b5 Ne7 21. c4 Rac8
22. Ne4 Qa3 23. Neg5 Bf5 24. Nxe5 Qxa2 25. c5 Na8 26. Bd3 Nc7 27. Ra1 Qb2 28.
Rxa7 Bxd3 29. Nxd3 Qxb5 30. Rxe7 Rce8 31. Rxe8 Rxe8 32. Ra1 Na6 33. Rc1 Rc8 34.
Qg4 Rc7 35. Qe6+ 1-0

[Event "4NCL Division 4 South"]
[Site "Telford, ENG"]
[Date "2016.04.30"]
[Round "9.157"]
[White "Graham, Cassie M"]
[Black "Campbell, Mark C"]
[Result "1-0"]
[WhiteElo "1812"]
[BlackElo "1953"]
[PlyCount "155"]
[EventDate "2016.04.30"]
[WhiteTeam "Sussex Martlets 2"]
[BlackTeam "Cambridge University 3"]

1. e4 c5 2. Nc3 Nc6 3. f4 g6 4. Nf3 Bg7 5. Bc4 e6 6. f5 Nge7 7. fxe6 fxe6 8. d3
d5 9. Bb3 b5 10. O-O c4 11. dxc4 dxc4 12. Qxd8+ Kxd8 13. Nxb5 cxb3 14. axb3 Bd7
15. c3 Rf8 16. Be3 a6 17. Rfd1 Kc8 18. Bc5 Bf6 19. Nd6+ Kc7 20. Nc4 Bc8 21. e5
Bg7 22. Bd6+ Kb7 23. Nd4 Rg8 24. Ra4 Nd5 25. Na5+ Nxa5 26. Rxa5 Bd7 27. Rf1 Bf8
28. Rf7 Bxd6 29. Rxd7+ Bc7 30. Nxe6 Kc6 31. Raxd5 Bxe5 32. Nd4+ Bxd4+ 33. Rxd4
h6 34. R4d6+ Kc5 35. b4+ Kc4 36. Rc6+ Kb3 37. Rd2 h5 38. Rc5 Rgf8 39. Ra5 Rae8
40. Ra3+ Kc4 41. Ra1 Rf6 42. Rf1 Rfe6 43. h3 Kb3 44. Ra1 Rf8 45. Rf1 Rfe8 46.
Rdf2 R8e7 47. Ra1 Rd7 48. Ra3+ Kc4 49. Kh2 Kd3 50. Ra1 Kc4 51. Raf1 Rdd6 52.
Rf4+ Kb3 53. R1f2 Rb6 54. h4 Rbd6 55. b5 axb5 56. Rb4+ Ka2 57. Rxb5 Rc6 58. Rb4
Re3 59. Rbf4 Ree6 60. Kg3 Kb3 61. Kf3 Rcd6 62. Rb4+ Ka2 63. Rd4 Rc6 64. Rfd2
Kb3 65. Rb4+ Ka2 66. Rd5 Kb1 67. Rd2 Kc1 68. Rf2 Rcd6 69. Rd4 Rc6 70. Rdd2 Kb1
71. Rfe2 Rf6+ 72. Kg3 Ka2 73. Rf2 Rfe6 74. Kh3 Re3+ 75. Rf3 Re4 76. Rdf2 Ree6
77. c4 Rxc4 78. b3+ 1-0

[Event "4NCL Division 4 South"]
[Site "Telford, ENG"]
[Date "2016.04.30"]
[Round "9.158"]
[White "Phillips, William"]
[Black "Forster, Matthew"]
[Result "1/2-1/2"]
[WhiteElo "1872"]
[BlackElo "1720"]
[PlyCount "83"]
[EventDate "2016.04.30"]
[WhiteTeam "Cambridge University 3"]
[BlackTeam "Sussex Martlets 2"]

1. d4 c5 2. d5 Nf6 3. c4 e6 4. Nc3 exd5 5. cxd5 d6 6. e4 Be7 7. Nf3 O-O 8. Be2
Bg4 9. O-O a6 10. a4 Bxf3 11. Bxf3 Nbd7 12. Be2 Ne8 13. f4 Bf6 14. Be3 Qb6 15.
Qd2 Bd4 16. Rfd1 Bf6 17. g4 h6 18. Bf2 Qb4 19. Ra3 Bxc3 20. Rxc3 Qxe4 21. Bd3
Qxa4 22. Bc2 Qb4 23. Qd3 f5 24. Rc4 Qxb2 25. Rb1 Qf6 26. Rxb7 Qd8 27. Qe3 Nc7
28. Bxf5 Qc8 29. Rb1 Re8 30. Be6+ Kh8 31. Re4 Qd8 32. g5 Nxe6 33. dxe6 d5 34.
gxh6 dxe4 35. hxg7+ Kxg7 36. exd7 Qxd7 37. Kh1 Kf7 38. Qxc5 Re6 39. Qf5+ Ke8
40. Qh5+ Qf7 41. Qh8+ Qf8 42. Qh5+ 1/2-1/2

[Event "4NCL Division 4 South"]
[Site "Telford, ENG"]
[Date "2016.04.30"]
[Round "9.159"]
[White "Woods, Timothy J"]
[Black "Ivanov, George"]
[Result "0-1"]
[WhiteElo "1721"]
[BlackElo "1669"]
[PlyCount "38"]
[EventDate "2016.04.30"]
[WhiteTeam "Sussex Martlets 2"]
[BlackTeam "Cambridge University 3"]

1. e4 e5 2. Bc4 Nf6 3. d3 Bc5 4. Nf3 d6 5. O-O Nc6 6. c3 Bb6 7. Nbd2 O-O 8. Re1
Ne7 9. Nf1 Ng6 10. Ng3 Be6 11. Bb3 h6 12. Bc2 Nh7 13. d4 Ng5 14. dxe5 Nxf3+ 15.
Qxf3 Nxe5 16. Qe2 Ng4 17. Rf1 Qh4 18. h3 Nxf2 19. Be3 Nxh3+ 0-1

[Event "4NCL Division 4 South"]
[Site "Telford, ENG"]
[Date "2016.04.30"]
[Round "9.165"]
[White "Davis, Lee"]
[Black "Willmoth, Robert F"]
[Result "0-1"]
[WhiteElo "1965"]
[BlackElo "2230"]
[PlyCount "78"]
[EventDate "2016.04.30"]
[WhiteTeam "The Full Ponty"]
[BlackTeam "Barnet Knights 1"]

1. d4 d6 2. Nf3 Bg4 3. g3 Bxf3 4. exf3 d5 5. Bg2 e6 6. O-O g6 7. Nd2 Bg7 8. c3
Nd7 9. Re1 Ne7 10. Nf1 O-O 11. Qc2 c5 12. dxc5 Nxc5 13. Be3 Qc7 14. Rac1 b5 15.
Qe2 a6 16. Bd4 e5 17. f4 e4 18. Bxc5 Qxc5 19. Qe3 Qc7 20. Red1 f5 21. Qe1 Rfd8
22. Ne3 Qb6 23. Nc2 Nc6 24. Qe3 Qb7 25. Rd2 Rac8 26. Rcd1 b4 27. Rxd5 Rxd5 28.
Rxd5 bxc3 29. b3 Nb4 30. Nxb4 Qxb4 31. Bf1 c2 32. Bc4 Rxc4 33. Rd8+ Bf8 34.
bxc4 Qb1+ 35. Kg2 c1=Q 36. Rxf8+ Kg7 37. Qd4+ Kh6 38. Kh3 Qf1+ 39. Kh4 Qbd1 0-1

[Event "4NCL Division 4 South"]
[Site "Telford, ENG"]
[Date "2016.04.30"]
[Round "9.166"]
[White "Villiers, Thomas"]
[Black "Davies, Peter"]
[Result "1-0"]
[WhiteElo "2115"]
[BlackElo "1989"]
[PlyCount "105"]
[EventDate "2016.04.30"]
[WhiteTeam "Barnet Knights 1"]
[BlackTeam "The Full Ponty"]

1. c4 c6 2. e4 d5 3. exd5 cxd5 4. cxd5 Nf6 5. Qa4+ Nbd7 6. Nc3 g6 7. Nf3 Bg7 8.
Bc4 O-O 9. d3 a6 10. Qa3 b6 11. O-O Bb7 12. Re1 b5 13. Bb3 Re8 14. Be3 Nb6 15.
d6 Bxf3 16. dxe7 Rxe7 17. gxf3 Nbd5 18. Nxd5 Nxd5 19. Bxd5 Rxe3 20. Rxe3 Qxd5
21. Rae1 h6 22. Qb3 Qg5+ 23. Kf1 Qf5 24. Re8+ Rxe8 25. Rxe8+ Kh7 26. Ke2 Qd7
27. Re4 Qc7 28. d4 f5 29. Re8 h5 30. h4 Qd7 31. Qg8+ Kh6 32. d5 Qc7 33. d6 Qxd6
34. Qf7 Qd4 35. b3 Qxh4 36. Re6 Qg5 37. Rxa6 Bc3 38. f4 Qg4+ 39. Ke3 Qg1 40.
Qf8+ Bg7 41. Qxf5 Kh7 42. Qd3 Qe1+ 43. Kf3 Qg1 44. Rb6 Qg4+ 45. Ke3 Qh3+ 46.
Ke2 Qg4+ 47. Kf1 h4 48. Rxb5 Qxf4 49. Rh5+ Kg8 50. Qd5+ Kf8 51. Qd8+ Kf7 52.
Qd7+ Kf8 53. Rc5 1-0

[Event "4NCL Division 4 South"]
[Site "Telford, ENG"]
[Date "2016.04.30"]
[Round "9.167"]
[White "Perrett, David C"]
[Black "Brozel, Sacha"]
[Result "0-1"]
[WhiteElo "1944"]
[BlackElo "2050"]
[PlyCount "80"]
[EventDate "2016.04.30"]
[WhiteTeam "The Full Ponty"]
[BlackTeam "Barnet Knights 1"]

1. d4 e6 2. g3 Nf6 3. Bg2 c5 4. Nf3 d5 5. O-O Nc6 6. c4 Be7 7. Nc3 dxc4 8. dxc5
O-O 9. Qa4 Bxc5 10. Qxc4 Be7 11. Be3 e5 12. Rfd1 Qa5 13. Nd5 Nxd5 14. Qxd5 Qxd5
15. Rxd5 f6 16. Nd2 Rb8 17. Rb5 Be6 18. Bd5 Kf7 19. Ne4 Rfd8 20. Nc3 a6 21.
Bxe6+ Kxe6 22. Rb6 f5 23. a3 Rd7 24. Na4 Kf7 25. Rc1 Rbd8 26. Kg2 Nd4 27. Bxd4
Rxd4 28. Nc5 Rc8 29. Rxb7 Rd2 30. Nd3 Rxc1 31. Nxc1 Rc2 32. Nd3 Rxe2 33. Kf3
Re4 34. Rb6 g5 35. g4 Bf6 36. gxf5 Rh4 37. Rxa6 e4+ 38. Ke3 exd3 39. b4 Rh3+
40. Kd2 Be5 0-1

[Event "4NCL Division 4 South"]
[Site "Telford, ENG"]
[Date "2016.04.30"]
[Round "9.168"]
[White "Pollack, Oscar"]
[Black "Thomas, Gary"]
[Result "0-1"]
[WhiteElo "1967"]
[BlackElo "1844"]
[PlyCount "82"]
[EventDate "2016.04.30"]
[WhiteTeam "Barnet Knights 1"]
[BlackTeam "The Full Ponty"]

1. e4 d5 2. exd5 Nf6 3. Bb5+ Bd7 4. Bc4 Bg4 5. f3 Bc8 6. Nc3 Nbd7 7. d4 Nb6 8.
Bb5+ Bd7 9. Qd3 Nbxd5 10. Nxd5 Nxd5 11. Bd2 e6 12. Ne2 Be7 13. a3 O-O 14. Bxd7
Qxd7 15. c4 Nb6 16. O-O c5 17. b4 cxd4 18. c5 Nd5 19. Nxd4 a5 20. Nb3 Bf6 21.
Rac1 axb4 22. axb4 Ra3 23. b5 Qc7 24. Qc4 Rfa8 25. Rfe1 Be5 26. Rxe5 Qxe5 27.
Na5 R3xa5 28. Bxa5 Rxa5 29. c6 Ra1 30. Rxa1 Qxa1+ 31. Kf2 Qa7+ 32. Ke2 bxc6 33.
Qxc6 h6 34. g4 Qe3+ 35. Kd1 Qxf3+ 36. Ke1 Qe3+ 37. Kd1 Qd4+ 38. Ke1 g6 39. Qc8+
Kg7 40. Qd7 e5 41. Qd6 Qb4+ 0-1

[Event "4NCL Division 4 South"]
[Site "Telford, ENG"]
[Date "2016.04.30"]
[Round "9.169"]
[White "Dixon, Chris"]
[Black "Karia, Rishul"]
[Result "1/2-1/2"]
[WhiteElo "1795"]
[BlackElo "1937"]
[PlyCount "61"]
[EventDate "2016.04.30"]
[WhiteTeam "The Full Ponty"]
[BlackTeam "Barnet Knights 1"]

1. Nf3 Nf6 2. g3 g6 3. Bg2 Bg7 4. O-O d6 5. d3 O-O 6. e4 e5 7. Nbd2 Nh5 8. h3
Nc6 9. Nc4 Be6 10. Ne3 Qd7 11. Kh2 Kh8 12. Ng5 Ne7 13. Nxe6 Qxe6 14. c4 c5 15.
Rb1 Nf6 16. b4 b6 17. b5 Rab8 18. a4 Nfg8 19. Bb2 f6 20. Bc3 g5 21. Qg4 Qf7 22.
Nf5 Nxf5 23. exf5 h5 24. Qe2 Ne7 25. Be4 Bh6 26. g4 h4 27. Qf3 Rfd8 28. Bd5
Nxd5 29. cxd5 Re8 30. Qe4 Rbc8 31. Bd2 1/2-1/2

[Event "4NCL Division 4 South"]
[Site "Telford, ENG"]
[Date "2016.04.30"]
[Round "9.175"]
[White "Lewis, Christopher D"]
[Black "Peters, Alexander John"]
[Result "1/2-1/2"]
[WhiteElo "1892"]
[BlackElo "2018"]
[PlyCount "99"]
[EventDate "2016.04.30"]
[WhiteTeam "Shropshire 2"]
[BlackTeam "Iceni 1"]

1. e4 Nf6 2. e5 Nd5 3. c4 Nb6 4. d4 d6 5. exd6 exd6 6. Nf3 Be7 7. Bf4 O-O 8.
Be2 Bf6 9. h3 Nc6 10. O-O Bf5 11. Qd2 Re8 12. Nc3 g6 13. a3 Na5 14. c5 dxc5 15.
dxc5 Qxd2 16. Bxd2 Bxc3 17. Bxc3 Nb3 18. Rae1 Nxc5 19. Nd4 Bd7 20. Bf3 c6 21.
b4 Nd3 22. Rd1 Ne5 23. Be2 Nd5 24. Bd2 f6 25. f4 Nf7 26. Bf3 Nd6 27. Nb3 Bf5
28. Bxd5+ cxd5 29. Rc1 Nc4 30. Bc3 Kf7 31. g4 Be4 32. a4 Rac8 33. Bd4 b6 34.
Kf2 Bd3 35. Rfd1 Be4 36. Re1 Nd6 37. a5 bxa5 38. Nxa5 Nb5 39. Bc5 h5 40. g5
fxg5 41. fxg5 Re5 42. h4 Rf5+ 43. Kg1 Rf4 44. Rf1 Rf5 45. Rxf5+ Bxf5 46. Re1
Re8 47. Rxe8 Kxe8 48. Nc6 a6 49. Kf2 Nc3 50. Ke3 1/2-1/2

[Event "4NCL Division 4 South"]
[Site "Telford, ENG"]
[Date "2016.04.30"]
[Round "9.176"]
[White "Calvert, D Ian"]
[Black "Tarr, Steve F"]
[Result "0-1"]
[WhiteElo "1963"]
[BlackElo "1900"]
[Annotator "Rich"]
[PlyCount "66"]
[EventDate "2016.04.30"]
[WhiteTeam "Iceni 1"]
[BlackTeam "Shropshire 2"]

1. b3 d5 2. Bb2 Bf5 3. Nf3 e6 4. c4 c6 5. g3 Nd7 6. Bg2 h6 7. d3 Ngf6 8. Nbd2
Be7 9. O-O O-O 10. Ne5 Nxe5 11. Bxe5 Nd7 12. Bb2 a5 13. a3 Bf6 14. Qc2 Qb6 15.
Bxf6 Nxf6 16. Qc3 Rfe8 17. c5 Qb5 18. b4 e5 19. Nb3 d4 20. Qd2 a4 21. Na5 Rad8
22. Nc4 e4 23. Nd6 Rxd6 24. cxd6 exd3 25. exd3 Rd8 26. Rfc1 Rxd6 27. Rc5 Qxd3
28. Qf4 Rd5 29. Bxd5 Nxd5 30. Rxd5 cxd5 31. g4 Bg6 32. Qc1 b5 33. Kg2 Qb3 {
Rd1 played. Illegal position from here.} 0-1

[Event "4NCL Division 4 South"]
[Site "Telford, ENG"]
[Date "2016.04.30"]
[Round "9.177"]
[White "Keady, Mark A"]
[Black "Dickson, George"]
[Result "0-1"]
[WhiteElo "1855"]
[BlackElo "2009"]
[PlyCount "64"]
[EventDate "2016.04.30"]
[WhiteTeam "Shropshire 2"]
[BlackTeam "Iceni 1"]

1. e4 e5 2. d4 exd4 3. Nf3 Nc6 4. Bc4 Nf6 5. e5 d5 6. exf6 dxc4 7. O-O Be6 8.
Ng5 Qxf6 9. Nxe6 fxe6 10. Qh5+ Qg6 11. Qb5 O-O-O 12. Qxc4 d3 13. cxd3 Rd4 14.
Qc2 Bd6 15. f4 Rxd3 16. f5 Bxh2+ 17. Kxh2 Qh5+ 18. Kg1 Rhd8 19. Bf4 e5 20. Bh2
Nd4 21. Qxd3 Ne2+ 22. Qxe2 Qxe2 23. Nc3 Qxb2 24. Ne4 Qd4+ 25. Nf2 Rf8 26. Rfd1
Qh4 27. Bxe5 Rxf5 28. g3 Qe7 29. Bf4 b6 30. Rac1 Rxf4 31. gxf4 Qf7 32. Rc2 Qg6+
0-1

[Event "4NCL Division 4 South"]
[Site "Telford, ENG"]
[Date "2016.04.30"]
[Round "9.99"]
[White "Botham, C Paul"]
[Black "Croot, Richard"]
[Result "1/2-1/2"]
[WhiteElo "1989"]
[BlackElo "1801"]
[PlyCount "97"]
[EventDate "2016.04.30"]

1. c4 Nf6 2. Nc3 g6 3. Nf3 Bg7 4. g3 O-O 5. Bg2 d6 6. O-O e5 7. d3 Nbd7 8. Bd2
Re8 9. Qc2 Nb6 10. e4 c6 11. Rfe1 Qc7 12. Rac1 Nbd7 13. b4 Nf8 14. h3 Ne6 15.
Be3 Bd7 16. Kh2 Nd4 17. Qb2 Qc8 18. Ng1 Nh5 19. Nce2 Ne6 20. Qd2 Qd8 21. d4
exd4 22. Nxd4 Qe7 23. f4 Nxd4 24. Bxd4 Bxd4 25. Qxd4 Red8 26. Qc3 Qf6 27. Nf3
Rac8 28. Red1 Qxc3 29. Rxc3 Be6 30. Ng5 Nf6 31. Nxe6 fxe6 32. Rcd3 Ne8 33. Bf3
Kf7 34. h4 Ke7 35. h5 Nf6 36. hxg6 hxg6 37. Kg2 d5 38. exd5 cxd5 39. cxd5 Nxd5
40. Bxd5 Rxd5 41. Rxd5 exd5 42. Rxd5 Rc2+ 43. Kf3 Rxa2 44. Rb5 b6 45. Rg5 Kf6
46. b5 Rc2 47. Ke4 Rc4+ 48. Kf3 Rc3+ 49. Ke4 1/2-1/2

[Event "4NCL Division 4 South"]
[Site "Telford, ENG"]
[Date "2016.04.30"]
[Round "9.99"]
[White "Szwajkun, Richard"]
[Black "Feavyour, John A"]
[Result "0-1"]
[WhiteElo "1676"]
[BlackElo "1991"]
[PlyCount "94"]
[EventDate "2016.04.30"]

1. e4 c5 2. Nf3 d6 3. d4 cxd4 4. Nxd4 Nf6 5. Nc3 a6 6. Be2 e5 7. Nb3 Be7 8. O-O
O-O 9. Be3 Be6 10. f4 exf4 11. Bxf4 Nc6 12. a4 Rc8 13. Qd2 Bxb3 14. cxb3 Qb6+
15. Be3 Qxb3 16. h3 Ne5 17. Bg5 Qe6 18. Rad1 Rxc3 19. Bxf6 Rc6 20. Bxe7 Qxe7
21. b4 Rfc8 22. Rc1 Qc7 23. Rxc6 Qxc6 24. Rd1 Qxe4 25. Qxd6 g6 26. Bd3 Qe3+ 27.
Kh1 Rc1 28. Rxc1 Qxc1+ 29. Kh2 Qf4+ 30. Kh1 Nxd3 31. Qxd3 Qxb4 32. Qd7 Qe1+ 33.
Kh2 Qe5+ 34. Kg1 Qc5+ 35. Kh2 b5 36. axb5 axb5 37. g4 h6 38. Kg3 Qc3+ 39. Kg2
b4 40. h4 b3 41. g5 hxg5 42. hxg5 b2 43. Qd8+ Kg7 44. Qb6 Qd2+ 45. Kh3 Qd3+ 46.
Kg2 b1=Q 47. Qf6+ Kg8 0-1

[Event "4NCL Division 4 South"]
[Site "Telford, ENG"]
[Date "2016.04.30"]
[Round "9.99"]
[White "Szymanski, Mark"]
[Black "Ansari, Athar"]
[Result "1-0"]
[WhiteElo "1891"]
[BlackElo "1755"]
[PlyCount "67"]
[EventDate "2016.04.30"]

1. d4 Nf6 2. Nf3 e6 3. e3 b6 4. Bd3 Be7 5. b3 Bb7 6. Nbd2 d5 7. Bb2 Nbd7 8. O-O
c5 9. Ne5 O-O 10. f4 Ne4 11. Rf3 c4 12. bxc4 Nxd2 13. Bxh7+ Kh8 14. Rh3 Nf6 15.
Bd3+ Kg8 16. Qxd2 dxc4 17. Bxc4 Be4 18. Bd3 g6 19. c4 Kg7 20. Qc2 Bxd3 21. Qxd3
Rh8 22. Rxh8 Qxh8 23. Rd1 Qh5 24. d5 Rh8 25. Nf3 Rd8 26. e4 Kh7 27. Bxf6 Bxf6
28. e5 Be7 29. d6 Qg4 30. dxe7 Rxd3 31. Rxd3 Qf5 32. Rd2 Qxf4 33. e8=Q Qe3+ 34.
Kh1 1-0

[Event "4NCL Division 4 South"]
[Site "Telford, ENG"]
[Date "2016.04.30"]
[Round "9.99"]
[White "Combie, Alex B"]
[Black "Littlejohns, David P"]
[Result "0-1"]
[WhiteElo "2003"]
[BlackElo "2004"]
[PlyCount "132"]
[EventDate "2016.04.30"]

1. d4 d5 2. c4 c6 3. Nf3 Nf6 4. Nc3 dxc4 5. a4 Bf5 6. Ne5 Nbd7 7. Nxc4 Qc7 8.
g3 e5 9. dxe5 Nxe5 10. Bf4 Nfd7 11. Bg2 f6 12. O-O Be6 13. Nxe5 Nxe5 14. Qc2
Bd6 15. Ne4 O-O 16. Rad1 Rad8 17. Nxd6 Rxd6 18. Bxe5 fxe5 19. Rxd6 Qxd6 20. Be4
h6 21. Qc3 Rd8 22. Bg2 Qd4 23. Qa3 Rd7 24. b4 Bc4 25. e3 Qd2 26. Rc1 Rf7 27. f4
Bd3 28. e4 exf4 29. gxf4 Qxf4 30. e5 Qd4+ 31. Kh1 Be4 32. Rg1 Bxg2+ 33. Kxg2
Qf2+ 34. Kh1 Qe2 35. Qg3 Qe4+ 36. Qg2 Qxe5 37. Rd1 Qf6 38. b5 cxb5 39. axb5 Qf3
40. Rd8+ Kh7 41. Qxf3 Rxf3 42. Rd7 b6 43. Rxa7 Rb3 44. Rb7 Rxb5 45. h3 Rb2 46.
Kg1 Kg6 47. Kh1 Kf6 48. Kg1 h5 49. Kh1 g5 50. Kg1 Kf5 51. Rf7+ Ke4 52. Rh7 h4
53. Rf7 b5 54. Rd7 b4 55. Rd8 Rb3 56. Kh2 Rd3 57. Re8+ Kd4 58. Rd8+ Kc3 59.
Rc8+ Kd2 60. Rc5 b3 61. Rxg5 b2 62. Rb5 Kc2 63. Rc5+ Rc3 64. Rb5 b1=Q 65. Rxb1
Kxb1 66. Kg2 Kc2 0-1

[Event "4NCL Division 4 South"]
[Site "Telford, ENG"]
[Date "2016.04.30"]
[Round "9.99"]
[White "Homer, Stephen J"]
[Black "George, Andrew P"]
[Result "1-0"]
[WhiteElo "1994"]
[BlackElo "1982"]
[PlyCount "53"]
[EventDate "2016.04.30"]

1. e4 g6 2. d4 Bg7 3. Nc3 c5 4. dxc5 Bxc3+ 5. bxc3 Nc6 6. Nf3 Qa5 7. Bd2 Qxc5
8. Bd3 d6 9. O-O h6 10. Rb1 a6 11. c4 Nf6 12. Be3 Qa5 13. Nd4 Qc7 14. h3 Nxd4
15. Bxd4 O-O 16. f4 e5 17. fxe5 dxe5 18. Be3 Kg7 19. Rxf6 Kxf6 20. Bxh6 Be6 21.
Qd2 Bxc4 22. Bxc4 Ke7 23. Qb4+ Qd6 24. Qxb7+ Qd7 25. Bxf8+ Rxf8 26. Qxd7+ Kxd7
27. Rb7+ 1-0

[Event "4NCL Division 4 South"]
[Site "Telford, ENG"]
[Date "2016.04.30"]
[Round "9.99"]
[White "Truman, Richard G"]
[Black "Davies, Matthew"]
[Result "1/2-1/2"]
[WhiteElo "1958"]
[BlackElo "1953"]
[PlyCount "101"]
[EventDate "2016.04.30"]

1. Nf3 d5 2. g3 Nf6 3. Bg2 e6 4. c4 c6 5. O-O Be7 6. d4 O-O 7. Qc2 b6 8. b3 Bb7
9. Rd1 Nbd7 10. Nc3 Rc8 11. e4 Nxe4 12. Nxe4 dxe4 13. Qxe4 Nf6 14. Qe2 Qc7 15.
Bb2 c5 16. Rac1 Rfd8 17. Rc2 cxd4 18. Bxd4 Bb4 19. Bc3 Rxd1+ 20. Qxd1 Rd8 21.
Qe2 Bxc3 22. Rxc3 Qd6 23. Rc1 h6 24. Ne5 Bxg2 25. Kxg2 Qd2 26. Rc2 Qxe2 27.
Rxe2 Rd1 28. h4 Kf8 29. Kf3 Nd7 30. Nxd7+ Rxd7 31. Ke3 Rd1 32. Rd2 Re1+ 33. Kd4
Ke7 34. Kc3 g5 35. hxg5 hxg5 36. Kb4 Re5 37. Kc3 f5 38. b4 Re1 39. c5 bxc5 40.
bxc5 Rc1+ 41. Rc2 Rxc2+ 42. Kxc2 Kd7 43. Kd3 Kc6 44. Kd4 a5 45. f4 gxf4 46.
gxf4 a4 47. Ke5 Kxc5 48. Kxe6 Kb4 49. Kxf5 Ka3 50. Kg6 Kxa2 51. f5 1/2-1/2

[Event "4NCL Division 4 South"]
[Site "Telford, ENG"]
[Date "2016.04.30"]
[Round "9.99"]
[White "Gregory, Andrew M"]
[Black "Burke, Steven J"]
[Result "1/2-1/2"]
[WhiteElo "1930"]
[BlackElo "1906"]
[PlyCount "42"]
[EventDate "2016.04.30"]

1. d4 Nf6 2. Nf3 g6 3. e3 Bg7 4. c4 O-O 5. Nc3 d6 6. Be2 Nbd7 7. O-O c6 8. b4
a6 9. a4 e5 10. Qb3 a5 11. Rd1 axb4 12. Qxb4 exd4 13. exd4 c5 14. dxc5 dxc5 15.
Qb3 Ne4 16. Bb2 Nxc3 17. Bxc3 Bxc3 18. Qxc3 Qf6 19. Qxf6 Nxf6 20. Nd2 Bf5 21.
Bf3 Bc2 1/2-1/2

[Event "4NCL Division 4 South"]
[Site "Telford, ENG"]
[Date "2016.04.30"]
[Round "9.99"]
[White "Levens, David G"]
[Black "Parry, Matthew"]
[Result "1/2-1/2"]
[WhiteElo "1938"]
[BlackElo "1895"]
[PlyCount "121"]
[EventDate "2016.04.30"]

1. e4 Nf6 2. e5 Nd5 3. d4 Nb6 4. Nf3 d5 5. Bd3 Bg4 6. O-O e6 7. Be3 c5 8. dxc5
N6d7 9. Bb5 Nc6 10. Nbd2 Bxc5 11. Bxc5 Nxc5 12. Re1 Qc7 13. c4 O-O-O 14. Bxc6
Qxc6 15. h3 Bxf3 16. Qxf3 Kb8 17. cxd5 Qxd5 18. Qxd5 Rxd5 19. Nc4 Nd3 20. Re3
Rhd8 21. g3 g5 22. Kf1 h6 23. a4 Rc8 24. Nd6 Rc2 25. Ne4 Rxb2 26. Rd1 Nxe5 27.
Rxd5 exd5 28. Nf6 Nc4 29. Re8+ Kc7 30. Nxd5+ Kd6 31. Nc3 Kc5 32. Rc8+ Kd4 33.
Nb5+ Kd3 34. Rh8 a6 35. Rd8+ Kc2 36. Nd4+ Kc3 37. Ne2+ Kb3 38. Rh8 Nd2+ 39. Kg2
Kxa4 40. Rxh6 a5 41. h4 Nc4 42. Nd4 gxh4 43. gxh4 Rd2 44. Nf3 Rd5 45. Rf6 b5
46. Rxf7 b4 47. Rf4 Kb3 48. Nd4+ Ka2 49. Nc6 b3 50. Rxc4 b2 51. Rc2 Kb3 52.
Rxb2+ Kxb2 53. Nxa5 Rxa5 54. Kg3 Kc3 55. Kg4 Kd3 56. f4 Ke4 57. h5 Ra1 58. Kg5
Rg1+ 59. Kf6 Kxf4 60. h6 Rh1 61. Kg7 1/2-1/2

[Event "4NCL Division 4 South"]
[Site "Telford, ENG"]
[Date "2016.04.30"]
[Round "9.99"]
[White "Varma, Varun"]
[Black "Flynn, David"]
[Result "0-1"]
[WhiteElo "1847"]
[BlackElo "1861"]
[PlyCount "118"]
[EventDate "2016.04.30"]

1. e4 c5 2. Nf3 d6 3. d4 cxd4 4. Nxd4 Nf6 5. Nc3 e6 6. f4 Be7 7. Be3 a6 8. a4
O-O 9. Be2 Qc7 10. a5 Nc6 11. Nb3 Nd7 12. O-O b5 13. axb6 Nxb6 14. Kh1 Bb7 15.
Qe1 Nb4 16. Qf2 Nc4 17. Bxc4 Qxc4 18. Na5 Qc8 19. Na4 Bd8 20. Bb6 Be7 21. Qd2
Nxc2 22. Nxb7 Nxa1 23. Nxd6 Qc6 24. Rxa1 Bxd6 25. b3 Rac8 26. Rd1 Be7 27. Qd3
Qc2 28. Qxc2 Rxc2 29. g3 Rfc8 30. Rd7 Bb4 31. Ra7 Rc1+ 32. Kg2 Rb1 33. Rxa6
Rxb3 34. Bc5 Bxc5 35. Nxc5 Rb2+ 36. Kh3 h5 37. Nd3 Re2 38. Ne5 Rcc2 39. Nf3 Rf2
40. Ra3 f6 41. g4 hxg4+ 42. Kxg4 Rg2+ 43. Kh3 Rge2 44. e5 fxe5 45. fxe5 Rg2 46.
Ra6 Rg6 47. Ra3 Rc4 48. Nd2 Rcg4 49. Nf3 Re4 50. Rd3 Kh7 51. Rc3 Kh6 52. Rd3
Kh5 53. Rd4 Rgg4 54. Rd8 Kg6 55. Rd3 Kf5 56. Rd8 Kf4 57. Rf8+ Ke3 58. Rf7 Rgf4
59. Rxg7 Rxf3+ 0-1

[Event "4NCL Division 4 South"]
[Site "Telford, ENG"]
[Date "2016.04.30"]
[Round "9.99"]
[White "Nwachukwu, Chino"]
[Black "Neatherway, A Philip"]
[Result "1-0"]
[WhiteElo "1946"]
[BlackElo "1823"]
[PlyCount "51"]
[EventDate "2016.04.30"]

1. e4 d5 2. exd5 Qxd5 3. c4 Qa5 4. Nc3 Nf6 5. d4 g6 6. Bd2 c6 7. Nf3 Bg7 8. Be2
O-O 9. O-O Qc7 10. Rc1 Nbd7 11. Re1 Re8 12. g3 Nb6 13. Qb3 Bg4 14. Ne5 Bxe2 15.
Rxe2 Rad8 16. Be3 Qc8 17. Kg2 Ng4 18. Rf1 Nxe3+ 19. fxe3 f6 20. c5+ Nd5 21. e4
fxe5 22. exd5 cxd5 23. dxe5 e6 24. Nb5 Rf8 25. Nd6 Qxc5 26. Nxb7 1-0

[Event "4NCL Division 4 South"]
[Site "Telford, ENG"]
[Date "2016.04.30"]
[Round "9.99"]
[White "Cole, Graham"]
[Black "Pink, Joshua"]
[Result "1/2-1/2"]
[WhiteElo "1818"]
[BlackElo "1938"]
[PlyCount "83"]
[EventDate "2016.04.30"]

1. e4 e5 2. Nf3 Nc6 3. Bc4 Nf6 4. d4 Nxe4 5. dxe5 Nc5 6. O-O Ne6 7. Nc3 d6 8.
Re1 Nxe5 9. Nxe5 dxe5 10. Qxd8+ Kxd8 11. Rxe5 c6 12. Re1 Kc7 13. Ne4 b5 14. Bd3
Nc5 15. Bf4+ Kb7 16. Nxc5+ Bxc5 17. Be4 Be6 18. Be3 Bxe3 19. Rxe3 Rad8 20. Bd3
Rd6 21. Rae1 h6 22. f4 Rhd8 23. a3 R8d7 24. Kf2 Kb6 25. f5 Bd5 26. Re7 c5 27.
Rxd7 Rxd7 28. g3 c4 29. Be4 h5 30. h3 Kc5 31. Rd1 Rd6 32. Ke3 Bxe4 33. Rxd6
Kxd6 34. Kxe4 f6 35. Kd4 Kc6 36. b3 b4 37. axb4 cxb3 38. cxb3 Kb5 39. Kc3 a6
40. h4 Kb6 41. Kd4 Kb5 42. Kc3 1/2-1/2